[Event "Ufa"]
[Site "Ufa"]
[Date "1993.??.??"]
[Round "?"]
[White "Bezgodov, Alexei"]
[Black "Vasiliev, Rustam N"]
[Result "0-1"]
[WhiteElo "2345"]
[BlackElo "2380"]
[PlyCount "188"]
[EventDate "1993.??.??"]
[Source "ChessBase"]

1. e4 e5 2. Nf3 Nf6 3. Nxe5 d6 4. Nxf7 Kxf7 5. d4 c5 6. dxc5 Qa5+ 7. Nc3 Qxc5 8. Be3 Qc7 9. Be2 Be7 10. O-O Re8 11. Nb5 Qc6 12. Nxa7 Qxe4 13. Bf3 Qf5 14. Bd4 Nbd7 15. Nxc8 Raxc8 16. Bxb7 Rxc2 17. a4 Nc5 18. Bxc5 dxc5 19. a5 c4 20. Bf3 Bc5 21. a6 Ba7 22. Rc1 Rxc1 23. Qxc1 Qb5 24. Qc2 Qxa6 25. Be2 Kf8 26. Bxc4 Qb6 27. Ba2 g6 28. Qc4 Kg7 29. Qf7+ Kh6 30. Qc4 Qxb2 31. Qf4+ g5 32. Qf3 Kg7 33. Bb3 Bd4 34. g3 Re4 35. Bd1 g4 36. Qf5 Qd2 37. Kg2 Re5 38. Qc2 Qxc2 39. Bxc2 Re2 40. Ba4 Ne4 41. Bd1 Rxf2+ 42. Rxf2 Nxf2 43. Bc2 h6 44. Kf1 Kf6 45. Kg2 Ke5 46. Kf1 Bb6 47. Kg2 Nh3 48. Kf1 Nf2 49. Kg2 Ne4 50. Bd1 Nf6 51. Be2 Kf5 52. Bd3+ Ke5 53. Be2 Ke4 54. Bd1 Ba7 55. Bc2+ Ke5 56. Bd1 Bb8 57. Be2 Bc7 58. Bd1 Bd8 59. Be2 Be7 60. Bd1 Bf8 61. Be2 Bg7 62. Bd1 Bh8 63. Be2 Bg7 64. Bd1 Bf8 65. Be2 Be7 66. Bd1 Bd6 67. Be2 Bb4 68. Bd1 Ba5 69. Be2 Be1 70. Kf1 Bd2 71. Kg2 Bc1 72. Bd1 Bb2 73. Be2 h5 74. Bd3 Ke6 75. Bg6 Ke7 76. Bf5 Kf7 77. Bc8 Kg6 78. Bb7 Be5 79. Bc6 Kg5 80. Bb7 h4 81. gxh4+ Kxh4 82. Bc6 Nh7 83. Bb7 Kg5 84. h3 g3 85. Bc6 Nf8 86. Bb7 Ng6 87. Bc6 Nh4+ 88. Kf1 Ng6 89. Kg2 Kh4 90. Bb7 Nf4+ 91. Kh1 Nxh3 92. Kg2 Nf4+ 93. Kh1 Bd4 94. Bc6 Kg5 0-1

[Event "Cuba"]
[Site "Cuba"]
[Date "1995.??.??"]
[Round "?"]
[White "Barreras Garcia, Alberto"]
[Black "Ferreiro Garcia, E."]
[Result "0-1"]
[WhiteElo "2280"]
[BlackElo "2445"]
[PlyCount "44"]
[EventDate "1995.??.??"]
[Source "www.chesslib.no"]
[SourceDate "2004.05.04"]

1. e4 e5 2. Nf3 Nf6 3. Nxe5 d6 4. Nxf7 Kxf7 5. d4 g6 6. Nc3 Be6 7. Bd3 Bg7 8. d5 Bc8 9. O-O Ng4 10. h3 h5 11. Qf3+ Bf6 12. hxg4 hxg4 13. Qg3 Rh5 14. f4 Qh8 15. Bd2 Bh4 16. Qe3 Na6 17. Nb5 Bf6 18. e5 Bf5 19. exf6 Re8 20. Qg3 Bxd3 21. Nd4 Bxf1 22. Rxf1 Nc5 0-1

[Event "Acropolis 2006 Open Section"]
[Site "http://www.chessfed.gr/Acropo"]
[Date "2006.08.20"]
[Round "8.32"]
[White "Pandavos, Panayotis"]
[Black "Khetsuriani, Besarion"]
[Result "0-1"]
[WhiteElo "2312"]
[BlackElo "2393"]
[PlyCount "28"]
[EventDate "2006.08.13"]
[Source "www.chesslib.no"]
[SourceDate "2004.05.04"]

1. e4 e5 2. Nf3 Nf6 3. Nxe5 d6 4. Nxf7 Kxf7 5. Bc4+ Be6 6. Bxe6+ Kxe6 7. O-O Kf7 8. b3 Be7 9. Bb2 Re8 10. d4 Kg8 11. e5 dxe5 12. dxe5 Qxd1 13. Rxd1 Ng4 14. e6 Nc6 0-1

[Event "Corr"]
[Site "?"]
[Date "2002.06.15"]
[Round "?"]
[White "Stanulis Juozapas"]
[Black "Dearnley Andrew (ENG)"]
[Result "1/2-1/2"]
[WhiteElo "2382"]
[BlackElo "2315"]
[PlyCount "105"]
[EventDate "2002.??.??"]
[Source "www.chesslib.no"]
[SourceDate "2004.05.04"]

1. e4 e5 2. Nf3 Nf6 3. Nxe5 d6 4. Nxf7 Kxf7 5. d4 c5 6. Nc3 cxd4 7. Bc4+ d5 8. Nxd5 Be6 9. O-O Nc6 10. Bg5 Be7 11. Nxe7 Qxe7 12. Bd3 h6 13. Bh4 g5 14. Bg3 Kg7 15. f4 Bf7 16. e5 Nd5 17. Qf3 Ne3 18. f5 Qe8 19. e6 Bxe6 20. fxe6 Nxf1 21. Rxf1 Qxe6 22. Bc4 Qxc4 23. Qf6+ Kh7 24. Qf5+ Kg7 25. b3 Qxf1+ 26. Qxf1 Rhf8 27. Qc4 Rf6 28. h3 Rd8 29. b4 a6 30. a4 d3 31. cxd3 Rd4 32. Qc2 Rd5 33. Qb3 Rd7 34. Qc3 Kf7 35. Qc4+ Re6 36. b5 axb5 37. axb5 Ne7 38. Be5 Rd5 39. Bc7 h5 40. d4 h4 41. Be5 Ke8 42. Qc1 Rg6 43. Qc7 Rxb5 44. Bd6 Nc6 45. Qc8+ Nd8 46. Qc2 Rxd6 47. Qe2+ Ne6 48. Qxb5+ Ke7 49. d5 Nf4 50. Qxb7+ Kf6 51. Qb2+ Kf7 52. Kh2 Rxd5 53. g3 1/2-1/2

[Event "Moscow ol (Men)"]
[Site "Moscow"]
[Date "1994.??.??"]
[Round "13"]
[White "Isaev, Jamshed"]
[Black "Dive, Russell John"]
[Result "1-0"]
[WhiteElo "2380"]
[BlackElo "2315"]
[PlyCount "91"]
[EventDate "1994.11.??"]
[Source "ChessBase"]

1. e4 e5 2. Nf3 Nf6 3. Nxe5 d6 4. Nxf7 Kxf7 5. d4 Be7 6. Nc3 c6 7. Bd3 Re8 8. O-O Kg8 9. e5 dxe5 10. dxe5 Ng4 11. Bf4 Bg5 12. Bg3 Bh4 13. Bc4+ Kh8 14. e6 Bxg3 15. fxg3 Qxd1 16. Raxd1 Nf6 17. Ne4 Bxe6 18. Nxf6 gxf6 19. Rfe1 Nd7 20. Bxe6 Ne5 21. Bf5 Rad8 22. g4 h6 23. h3 Kg7 24. Kf2 c5 25. c3 b6 26. b4 Kf7 27. Bc2 Kg7 28. Kg3 cxb4 29. cxb4 Rxd1 30. Rxd1 Rc8 31. Bb3 Rc3+ 32. Kf4 Kg6 33. Rd8 a5 34. bxa5 bxa5 35. Rg8+ Kh7 36. Ra8 Rc5 37. Kf5 Nd7+ 38. Ke6 Nb6 39. Rb8 Rc6+ 40. Ke7 a4 41. Be6 a3 42. h4 Kg6 43. Rg8+ Kh7 44. Rf8 h5 45. gxh5 Kh6 46. Kf7 1-0

[Event "Groningen NED"]
[Site "Groningen NED"]
[Date "1995.??.??"]
[Round "3"]
[White "Houtman, Joop"]
[Black "Geurink, Jasper"]
[Result "1-0"]
[WhiteElo "2405"]
[BlackElo "2290"]
[PlyCount "39"]
[EventDate "1995.??.??"]
[Source "www.chesslib.no"]
[SourceDate "2004.05.04"]

1. e4 e5 2. Nf3 Nf6 3. Nxe5 d6 4. Nxf7 Kxf7 5. d4 Qe8 6. Nc3 d5 7. e5 Bb4 8. Bd3 Ne4 9. Bxe4 Bxc3+ 10. bxc3 dxe4 11. O-O Qc6 12. d5 Qxc3 13. e6+ Kg8 14. Rb1 h5 15. Rb3 Qc4 16. Qd2 c6 17. Qf4 Qxd5 18. Qf7+ Kh7 19. Bb2 Rg8 20. Rg3 1-0

[Event "ROM Team Ch"]
[Site "Romania"]
[Date "1992.??.??"]
[Round "?"]
[White "Popescu, Cristian"]
[Black "Abibula, Aytechin"]
[Result "1-0"]
[WhiteElo "2340"]
[BlackElo "2350"]
[PlyCount "107"]
[EventDate "1992.??.??"]
[Source "www.chesslib.no"]
[SourceDate "2004.05.04"]

1. e4 e5 2. Nf3 Nf6 3. Nxe5 d6 4. Nxf7 Kxf7 5. d4 g6 6. Nc3 Qe8 7. Bc4+ Kg7 8. O-O d5 9. Bxd5 Nxd5 10. Nxd5 Na6 11. Bg5 c6 12. Bf6+ Kg8 13. Bxh8 cxd5 14. Be5 dxe4 15. Qe2 Nc5 16. Rfe1 Bf5 17. g4 Bd7 18. Bg3 Ne6 19. Qxe4 Qf7 20. h4 Re8 21. Qxb7 Nxd4 22. Rxe8 Bxe8 23. Qxf7+ Kxf7 24. c3 Nf3+ 25. Kf1 Bb5+ 26. Kg2 Bc6 27. Kf1 Bb5+ 28. Kg2 Bc6 29. Kh3 h5 30. Rd1 Ke8 31. gxh5 gxh5 32. c4 Be7 33. a3 Bd7+ 34. Kg2 Nxh4+ 35. Bxh4 Bxh4 36. Rd6 Be7 37. Ra6 h4 38. Rxa7 h3+ 39. Kg3 Bd6+ 40. f4 Kd8 41. Ra8+ Bc8 42. Ra5 Ke7 43. Rh5 Kf6 44. c5 Be7 45. c6 Bd6 46. Rh6+ Ke7 47. b4 Ba6 48. Rh5 Be2 49. Rh7+ Ke6 50. c7 Ba6 51. b5 Bb7 52. b6 Kf5 53. Rh8 h2 54. Kxh2 1-0

[Event "Asturias-ch"]
[Site "?"]
[Date "2001.??.??"]
[Round "6"]
[White "Cenal Gutierrez Ruben"]
[Black "Andres Gonzalez Alberto"]
[Result "0-1"]
[WhiteElo "2278"]
[BlackElo "2412"]
[PlyCount "46"]
[EventDate "2001.??.??"]
[Source "www.chesslib.no"]
[SourceDate "2004.05.04"]

1. e4 e5 2. Nf3 Nf6 3. Nxe5 d6 4. Nxf7 Kxf7 5. d4 c5 6. Bc4+ Be6 7. d5 Bg4 8. Qd3 Nbd7 9. f4 Qe8 10. Nc3 Nxe4 11. O-O Nxc3 12. Qxc3 Bf5 13. Bd2 Nf6 14. Rae1 Qd7 15. Qb3 a6 16. a4 g6 17. Bc3 Bg7 18. Re6 Rhe8 19. Rfe1 Nh5 20. g3 Bxc3 21. Qxc3 b5 22. Be2 Bxe6 23. dxe6+ Qxe6 0-1

[Event "Sao Paulo sim"]
[Site "Sao Paulo"]
[Date "2001.09.01"]
[Round "?"]
[White "Short, Nigel D"]
[Black "Rouanet, Luiz Paulo"]
[Result "1-0"]
[WhiteElo "2664"]
[BlackElo "2015"]
[PlyCount "49"]
[EventDate "2001.09.01"]
[Source "ChessBase"]
[SourceDate "2001.10.26"]

1. e4 e5 2. Nf3 Nf6 3. Nxe5 d6 4. Nxf7 Kxf7 5. Nc3 Bg4 6. f3 Be6 7. d4 Be7 8. f4 g6 9. Be2 Kg7 10. d5 Bf7 11. Be3 c5 12. Bf3 Nbd7 13. g4 h5 14. g5 Nh7 15. h4 Re8 16. Qe2 Rb8 17. O-O-O b5 18. f5 b4 19. f6+ Nhxf6 20. gxf6+ Bxf6 21. e5 Nxe5 22. Ne4 Nxf3 23. Qxf3 c4 24. Nxf6 Qxf6 25. Bh6+ 1-0

[Event "NED-chT 0102"]
[Site "?"]
[Date "2001.??.??"]
[Round "2"]
[White "Riemens Michael"]
[Black "Kroeze Frank M"]
[Result "1/2-1/2"]
[WhiteElo "2287"]
[BlackElo "2374"]
[PlyCount "39"]
[EventDate "2001.??.??"]
[Source "www.chesslib.no"]
[SourceDate "2004.05.04"]

1. e4 e5 2. Nf3 Nf6 3. Nxe5 d6 4. Nxf7 Kxf7 5. d4 Qe8 6. Bd3 d5 7. e5 Nc6 8. O-O Nxe5 9. dxe5 Qxe5 10. Re1 Qh5 11. Qxh5+ Nxh5 12. c4 Nf6 13. Nc3 Bb4 14. cxd5 Bxc3 15. bxc3 Nxd5 16. Ba3 Be6 17. f4 Rhe8 18. f5 Bd7 19. Bc4 c6 20. g4 1/2-1/2

[Event "NORDBALT Senior Ch I"]
[Site "NORDBALT Senior Ch I"]
[Date "1995.??.??"]
[Round "?"]
[White "Stanulis, Juozapas"]
[Black "Seisler, Dimitri"]
[Result "1/2-1/2"]
[WhiteElo "2320"]
[BlackElo "2325"]
[PlyCount "86"]
[EventDate "1995.??.??"]
[Source "www.chesslib.no"]
[SourceDate "2004.05.04"]

1. e4 e5 2. Nf3 Nf6 3. Nxe5 d6 4. Nxf7 Kxf7 5. d4 c6 6. Nc3 g6 7. Qf3 Kg7 8. Qf4 Be6 9. Be2 Nbd7 10. Bd2 b5 11. d5 cxd5 12. exd5 Bxd5 13. O-O-O a6 14. Nxd5 Nxd5 15. Qh6+ Kf7 16. Qh3 N5f6 17. g4 d5 18. Bc3 b4 19. Bd4 g5 20. Bf3 Bg7 21. Bxd5+ Nxd5 22. Qh5+ Kf8 23. Bxg7+ Kxg7 24. Rxd5 Rf8 25. h4 Kh8 26. hxg5 Qe7 27. g6 Nf6 28. Qe5 Qxe5 29. Rxe5 Ra7 30. f3 Rg7 31. gxh7 Nxh7 32. Re4 a5 33. Rh5 Rxf3 34. Rxa5 Rf1+ 35. Kd2 Rf2+ 36. Ke3 Rxc2 37. Rxb4 Re7+ 38. Kd3 Ree2 39. Rb8+ Kg7 40. Ra7+ Kg6 41. Rg8+ Kf6 42. Rxh7 Red2+ 43. Ke3 Re2+ 1/2-1/2

[Event "Chigorin mem"]
[Site "St Petersburg"]
[Date "1998.11.07"]
[Round "7"]
[White "Feoktistov, Alexey A"]
[Black "Afonin, Alexey"]
[Result "0-1"]
[WhiteElo "2405"]
[BlackElo "2235"]
[PlyCount "100"]
[EventDate "1998.10.31"]
[Source "ChessBase"]
[SourceDate "1999.01.01"]

1. e4 e5 2. Nf3 Nf6 3. Nxe5 d6 4. Nxf7 Kxf7 5. d4 c5 6. dxc5 Nc6 7. Bc4+ Be6 8. Bxe6+ Kxe6 9. Nc3 Kf7 10. Bf4 dxc5 11. Qe2 Bd6 12. Qc4+ Kg6 13. Bd2 Re8 14. f4 Bxf4 15. O-O-O Bxd2+ 16. Rxd2 Qe7 17. Rf1 Rad8 18. Rdf2 Rd4 19. Qe2 Nxe4 20. Rf5 Nf6 21. Qxe7 Rxe7 22. Rxc5 Ne4 23. Rb5 Nxc3 24. bxc3 Rde4 25. Rf3 Ne5 26. Rg3+ Kf7 27. Kb2 Nc4+ 28. Kb3 Nd2+ 29. Kb2 Re1 30. a4 g6 31. Rd3 R1e2 32. Rb4 Rxg2 33. Rf4+ Kg7 34. Rfd4 Rxh2 35. Rxd2 Rxd2 36. Rxd2 g5 37. c4 h5 38. c5 g4 39. a5 Rc7 40. a6 bxa6 41. Rd5 Kg6 42. Kb3 g3 43. Kc4 g2 44. Rd1 h4 45. Rg1 h3 46. Kd5 Kf5 47. Kd6 Rg7 48. c6 h2 49. c7 Rxc7 50. Rxg2 Rh7 0-1

[Event "Mitropa Cup U20 3rd"]
[Site "Saint Vincent"]
[Date "2002.10.05"]
[Round "10"]
[White "Cernousek, Lukas"]
[Black "Isonzo, Davide"]
[Result "1/2-1/2"]
[WhiteElo "2294"]
[BlackElo "2337"]
[PlyCount "28"]
[EventDate "2002.09.28"]
[Source "ChessBase"]
[SourceDate "2002.11.06"]

1. e4 e5 2. Nf3 Nf6 3. Nxe5 d6 4. Nxf7 Kxf7 5. d4 c5 6. c3 Nc6 7. d5 Ne5 8. f4 Nxe4 9. fxe5 Qh4+ 10. g3 Nxg3 11. Qf3+ Nf5+ 12. Kd1 dxe5 13. Bd3 g6 14. Nd2 Qf4 1/2-1/2

[Event "Groningen NED"]
[Site "Groningen NED"]
[Date "1995.??.??"]
[Round "1"]
[White "Geurink, Jasper"]
[Black "Van Wessel, Rudy"]
[Result "1/2-1/2"]
[WhiteElo "2290"]
[BlackElo "2330"]
[PlyCount "123"]
[EventDate "1995.??.??"]
[Source "www.chesslib.no"]
[SourceDate "2004.05.04"]

1. e4 e5 2. Nf3 Nf6 3. Nxe5 d6 4. Nxf7 Kxf7 5. d4 g6 6. Nc3 Bg7 7. Bc4+ Be6 8. Bxe6+ Kxe6 9. f4 Kf7 10. e5 Re8 11. O-O Nc6 12. exf6 Qxf6 13. Nb5 Re7 14. c3 Rae8 15. d5 a6 16. dxc6 axb5 17. cxb7 c6 18. f5 gxf5 19. Bf4 Rxb7 20. Bxd6 Kg8 21. Bc5 Qe5 22. Bd4 Qe4 23. Bxg7 Rxg7 24. Qf3 c5 25. g3 Re5 26. Rf2 h5 27. Rd1 Qxf3 28. Rxf3 h4 29. Rdf1 f4 30. Rxf4 hxg3 31. hxg3 Rxg3+ 32. Kh2 Rg7 33. Rf8+ Kh7 34. R1f5 Re2+ 35. Rf2 Re4 36. R8f4 Re6 37. Rg2 Rh6+ 38. Kg1 Rd7 39. Rfg4 Rh5 40. Rg5 Rd1+ 41. Kf2 Rxg5 42. Rxg5 Rd2+ 43. Ke3 Rxb2 44. Rxc5 Kg6 45. Kd4 Kf6 46. Kd5 b4 47. cxb4 Rxb4 48. Rc2 Ke7 49. Kc5 Rb8 50. Rd2 Rd8 51. Rh2 Kd7 52. Rh7+ Kc8 53. Kc6 Kb8 54. a4 Rd1 55. Kb6 Rd6+ 56. Kc5 Rg6 57. a5 Rg5+ 58. Kb6 Rg6+ 59. Kb5 Rg5+ 60. Kb6 Rg6+ 61. Kb5 Rg5+ 62. Kb6 1/2-1/2

[Event "Fencible"]
[Site "?"]
[Date "1997.??.??"]
[Round "7"]
[White "Kulashko Aleksei"]
[Black "Levi Eddy"]
[Result "1-0"]
[WhiteElo "2380"]
[BlackElo "2239"]
[PlyCount "57"]
[EventDate "1997.??.??"]
[Source "www.chesslib.no"]
[SourceDate "2004.05.04"]

1. e4 e5 2. Nf3 Nf6 3. Nxe5 d6 4. Nxf7 Kxf7 5. d4 Be7 6. Nc3 Re8 7. Bc4+ Kf8 8. Qf3 c6 9. O-O b5 10. Bb3 b4 11. Na4 Qa5 12. Qf4 Ba6 13. Re1 Nbd7 14. Bd2 c5 15. c3 c4 16. cxb4 Qh5 17. Bd1 Qf7 18. e5 dxe5 19. dxe5 Rad8 20. exf6 Nxf6 21. Nc5 Bxc5 22. Rxe8+ Qxe8 23. bxc5 Kg8 24. Bf3 Qb5 25. Bc3 Rf8 26. Qd6 h6 27. Re1 Bc8 28. Bxf6 gxf6 29. Bd5+ 1-0

[Event "FIN Team Ch"]
[Site "Finland"]
[Date "1992.??.??"]
[Round "?"]
[White "Raaste, Eero J"]
[Black "Hentunen, Asko"]
[Result "1-0"]
[WhiteElo "2340"]
[BlackElo "2275"]
[PlyCount "57"]
[EventDate "1992.??.??"]
[Source "www.chesslib.no"]
[SourceDate "2004.05.04"]

1. e4 e5 2. Nf3 Nf6 3. Nxe5 d6 4. Nxf7 Kxf7 5. d4 Qe8 6. Nc3 g6 7. Bc4+ Be6 8. d5 Bd7 9. O-O b5 10. Bd3 c5 11. Re1 b4 12. Nb1 Bb5 13. f4 Bxd3 14. Qxd3 Nbd7 15. Nd2 Nb6 16. Nf3 Bh6 17. h3 Qc8 18. Qf1 Ne8 19. f5 Bxc1 20. fxg6+ Kg7 21. Raxc1 hxg6 22. Ng5 Qb7 23. Re3 Qe7 24. Ne6+ Kh7 25. Rf3 Qh4 26. Rf4 Qg3 27. Rg4 Qe3+ 28. Kh2 Ng7 29. Qf7 1-0

[Event "Copa de V"]
[Site "Mestres Copa de V"]
[Date "1996.??.??"]
[Round "?"]
[White "Kunzmann, Hector A"]
[Black "Vogel, Enri"]
[Result "1/2-1/2"]
[WhiteElo "2415"]
[BlackElo "2200"]
[PlyCount "31"]
[EventDate "1996.??.??"]
[Source "www.chesslib.no"]
[SourceDate "2004.05.04"]

1. e4 e5 2. Nf3 Nf6 3. Nxe5 d6 4. Nxf7 Kxf7 5. d4 g6 6. Nc3 Be6 7. Bd3 Bg7 8. e5 dxe5 9. dxe5 Nd5 10. f4 Nxc3 11. bxc3 h5 12. Qf3 Qd5 13. Bxg6+ Kxg6 14. f5+ Kh7 15. Qxh5+ Kg8 16. Qe8+ 1/2-1/2

[Event "Eksjo-B"]
[Site "Eksjo SWE"]
[Date "1980.??.??"]
[Round "5"]
[White "Ekstroem, Roland"]
[Black "Tjarnemo, Hakan"]
[Result "1/2-1/2"]
[WhiteElo "2365"]
[BlackElo "2200"]
[PlyCount "69"]
[EventDate "1980.??.??"]
[Source "www.chesslib.no"]
[SourceDate "2004.05.04"]

1. e4 e5 2. Nf3 Nf6 3. Nxe5 d6 4. Nxf7 Kxf7 5. d4 Be7 6. Nc3 Re8 7. Bc4+ Be6 8. d5 Bg4 9. f3 Bh5 10. O-O Kg8 11. g4 Bf7 12. f4 Nbd7 13. g5 Nh5 14. Be2 Nxf4 15. Bxf4 Bxg5 16. Qd2 Bxf4 17. Qxf4 Nf6 18. Rf2 Bg6 19. Bd3 Qe7 20. Raf1 Qe5 21. Qh4 Re7 22. Rf4 a6 23. Qf2 Rae8 24. Kh1 h6 25. a4 Bh7 26. a5 Qh5 27. Qg2 Qg5 28. Qf3 Qe5 29. Qf2 Qh5 30. Be2 Qe5 31. Bd3 Qh5 32. Rh4 Qe5 33. Qf3 Qg5 34. Rf4 Qe5 35. Qf2 1/2-1/2

[Event "Corr"]
[Site "?"]
[Date "2001.07.05"]
[Round "?"]
[White "Castellano Lorenzo"]
[Black "Marcotulli Giancarlo"]
[Result "0-1"]
[WhiteElo "2289"]
[BlackElo "2263"]
[PlyCount "70"]
[EventDate "2001.??.??"]
[Source "www.chesslib.no"]
[SourceDate "2004.05.04"]

1. e4 e5 2. Nf3 Nf6 3. Nxe5 d6 4. Nxf7 Kxf7 5. d4 c5 6. dxc5 d5 7. e5 Ne4 8. Nc3 Nxc3 9. Qf3+ Kg8 10. Qxc3 Be6 11. Bd3 Nd7 12. O-O Bxc5 13. Kh1 d4 14. Qe1 h5 15. f4 h4 16. Be4 Qc7 17. b4 Bb6 18. Bb2 h3 19. Qg3 a5 20. a3 axb4 21. axb4 Rf8 22. Rf3 Rh5 23. gxh3 Rxh3 24. Qg6 Rh6 25. Qg5 Kh8 26. Qg2 Bf5 27. Bxf5 Rxf5 28. Rh3 Rxh3 29. Qxh3+ Kg8 30. Qb3+ Rf7 31. b5 Nf8 32. Ra8 Bc5 33. Qd5 Kh7 34. Bc1 Qe7 35. Bd2 b6 0-1

[Event "Corr"]
[Site "?"]
[Date "2001.07.05"]
[Round "?"]
[White "Marcotulli Giancarlo"]
[Black "Castellano Lorenzo"]
[Result "1-0"]
[WhiteElo "2250"]
[BlackElo "2302"]
[PlyCount "71"]
[EventDate "2001.??.??"]
[Source "www.chesslib.no"]
[SourceDate "2004.05.04"]

1. e4 e5 2. Nf3 Nf6 3. Nxe5 d6 4. Nxf7 Kxf7 5. d4 Bg4 6. f3 Be6 7. d5 Bc8 8. Bc4 g6 9. O-O Bg7 10. Bg5 h6 11. Be3 Nbd7 12. Nc3 Qe7 13. Bb3 a6 14. Qd2 g5 15. Bd4 Nh5 16. Be3 Be5 17. Rae1 Rf8 18. Ne2 Kg8 19. Nd4 Nc5 20. Bc4 Bf4 21. Bxf4 Nxf4 22. g3 Ng6 23. b4 Na4 24. Bb3 Nb6 25. Kg2 Bd7 26. c4 Ne5 27. c5 Nbc4 28. Qc3 a5 29. Bxc4 axb4 30. Qc2 Nxc4 31. Qxc4 dxc5 32. d6+ Qf7 33. Qxc5 Rxa2+ 34. Kg1 Bh3 35. Rf2 cxd6 36. Qxd6 1-0

[Event "ULIM Cup, Kishnev MDA"]
[Site "?"]
[Date "2001.??.??"]
[Round "6"]
[White "Shkuro, I."]
[Black "Diulger, A."]
[Result "0-1"]
[WhiteElo "2240"]
[BlackElo "2310"]
[PlyCount "76"]
[EventDate "2001.??.??"]
[Source "www.chesslib.no"]
[SourceDate "2004.05.04"]

1. e4 e5 2. Nf3 Nf6 3. Nxe5 d6 4. Nxf7 Kxf7 5. d4 c5 6. dxc5 Nc6 7. Nc3 Be6 8. cxd6 Bxd6 9. Bd3 Qb8 10. h3 Bf4 11. Bxf4 Qxf4 12. Qd2 Qxd2+ 13. Kxd2 Rad8 14. Ke3 g5 15. Rad1 h5 16. a3 h4 17. Be2 Ke7 18. Rxd8 Rxd8 19. Rd1 Rxd1 20. Bxd1 Ne5 21. b3 Ng6 22. Bf3 Nd7 23. Nb5 a6 24. Nd4 Nde5 25. Be2 Nf4 26. Bf1 Bd7 27. Nf5+ Bxf5 28. exf5 Kf6 29. g3 Nh5 30. gxh4 gxh4 31. Bg2 b6 32. Ke4 Nf7 33. Bf1 a5 34. Kd5 Ne5 35. Kd6 Nf4 36. Kc7 Nf3 37. Kxb6 Nd2 38. Bb5 Nxh3 0-1

[Event "HZ Open"]
[Site "Vlissingen OLA"]
[Date "2007.08.10"]
[Round "8"]
[White "Leenhouts, K."]
[Black "Stange, S."]
[Result "1-0"]
[WhiteElo "2395"]
[BlackElo "2144"]
[PlyCount "51"]
[EventDate "2007.08.04"]
[Source "www.chesslib.no"]
[SourceDate "2004.05.04"]

1. e4 e5 2. Nf3 Nf6 3. Nxe5 d6 4. Nxf7 Kxf7 5. d4 Qe8 6. Nc3 g6 7. Bc4+ Kg7 8. O-O c5 9. Nb5 Na6 10. e5 dxe5 11. dxe5 Qxe5 12. Re1 Bg4 13. Qd2 Qh5 14. b3 Rc8 15. Bb2 Rc6 16. Re5 Bf5 17. Rae1 Rg8 18. Re7+ Kh8 19. Qd5 Rg7 20. Re8 Be6 21. Rxf8+ Ng8 22. Rxg8+ Kxg8 23. Qd8+ Kf7 24. Qd7+ Kf8 25. Bxg7+ Kg8 26. Rxe6 1-0

[Event "RUS-Cup"]
[Site "?"]
[Date "1998.??.??"]
[Round "7"]
[White "Isakov Dmitrij"]
[Black "Tolstikh Nikolay"]
[Result "1/2-1/2"]
[WhiteElo "2110"]
[BlackElo "2420"]
[PlyCount "44"]
[EventDate "1998.??.??"]
[Source "www.chesslib.no"]
[SourceDate "2004.05.04"]

1. e4 e5 2. Nf3 Nf6 3. Nxe5 d6 4. Nxf7 Kxf7 5. d4 c5 6. dxc5 Nc6 7. Bc4+ Ke8 8. Nc3 dxc5 9. Bd5 Nb4 10. O-O Be7 11. Qe2 Nbxd5 12. Nxd5 Nxd5 13. Rd1 Qd6 14. exd5 Kf7 15. Qc4 Bf5 16. a4 Rhd8 17. Ra3 Kg8 18. Qe2 Qc7 19. g4 Bg6 20. f4 c4 21. Rh3 Bf7 22. Qe4 Qd7 1/2-1/2

[Event "9. DMP I I szach"]
[Site "Lima IX DMP I I szach"]
[Date "1992.??.??"]
[Round "?"]
[White "Bielak, P."]
[Black "Borys, Romuald"]
[Result "1-0"]
[WhiteElo "2240"]
[BlackElo "2290"]
[PlyCount "47"]
[EventDate "1992.??.??"]
[Source "www.chesslib.no"]
[SourceDate "2004.05.04"]

1. e4 e5 2. Nf3 Nf6 3. Nxe5 d6 4. Nxf7 Kxf7 5. d4 c5 6. dxc5 Qa5+ 7. Nc3 Qxc5 8. Be3 Qa5 9. Bc4+ Be6 10. Bxe6+ Kxe6 11. O-O Nc6 12. f4 Rd8 13. g4 d5 14. g5 dxe4 15. Qe2 Nd5 16. f5+ Kf7 17. Qh5+ Kg8 18. f6 gxf6 19. Rf5 Bc5 20. Nxd5 Bxe3+ 21. Nxe3 Qb6 22. Re1 Rf8 23. gxf6 Rf7 24. Qh6 1-0

[Event "SVK-chT1W 0001"]
[Site "?"]
[Date "2000.??.??"]
[Round "5"]
[White "Petrik Stanislav"]
[Black "Kujovic Michal"]
[Result "0-1"]
[WhiteElo "2253"]
[BlackElo "2272"]
[PlyCount "56"]
[EventDate "2000.??.??"]
[Source "www.chesslib.no"]
[SourceDate "2004.05.04"]

1. e4 e5 2. Nf3 Nf6 3. Nxe5 d6 4. Nxf7 Kxf7 5. d4 Be7 6. Nc3 Re8 7. Bc4+ Be6 8. Bxe6+ Kxe6 9. f4 Kf7 10. e5 dxe5 11. fxe5 Nc6 12. Be3 Kg8 13. Bf2 Nd5 14. Ne4 Bh4 15. O-O Bxf2+ 16. Rxf2 Rf8 17. c3 Qh4 18. Qc2 Ne3 19. Qd3 Ng4 20. g3 Qh6 21. Re2 Rad8 22. Qb5 Rf3 23. Qxb7 Re3 24. Rae1 Rxe4 25. h3 Qxh3 26. Qb3+ Kh8 27. Qf7 Qxg3+ 28. Kh1 Ncxe5 0-1

[Event "Tatry op"]
[Site "Tatranske Zruby"]
[Date "2001.09.31"]
[Round "3"]
[White "Tomcik, Milan"]
[Black "Kuljabin, Vadim"]
[Result "1/2-1/2"]
[WhiteElo "2181"]
[BlackElo "2336"]
[PlyCount "123"]
[EventDate "2001.09.29"]
[Source "ChessBase"]
[SourceDate "2001.10.26"]

1. e4 e5 2. Nf3 Nf6 3. Nxe5 d6 4. Nxf7 Kxf7 5. d4 c5 6. dxc5 Qa5+ 7. Nc3 Qxc5 8. Be3 Qa5 9. Bc4+ Be6 10. Bxe6+ Kxe6 11. O-O Nc6 12. f4 Be7 13. Qe2 Rac8 14. Rad1 Rhd8 15. e5 Nxe5 16. Bd4 Kf7 17. fxe5 dxe5 18. Bxe5 Qb6+ 19. Kh1 Rxd1 20. Rxd1 Re8 21. Qc4+ Qe6 22. Qxe6+ Kxe6 23. Bg3 Rc8 24. Re1+ Kf7 25. Re2 Bb4 26. Be1 Rd8 27. a3 Ba5 28. h3 Nh5 29. Kh2 Bc7+ 30. g3 Nf6 31. Kg2 h5 32. Nb5 Bb8 33. c3 Rd1 34. Bf2 a6 35. Nd4 b5 36. Nc6 Bd6 37. Bd4 Nd5 38. Nd8+ Kg8 39. Ne6 Rd3 40. Bf2 g6 41. Nc5 Bxc5 42. Bxc5 h4 43. Re8+ Kg7 44. gxh4 Nf4+ 45. Kf1 Rd1+ 46. Kf2 Nd3+ 47. Ke2 Re1+ 48. Kxd3 Rxe8 49. Be3 Kf6 50. Kd4 Kf5 51. Bg5 Re4+ 52. Kc5 Re6 53. Kb4 Ke4 54. c4 bxc4 55. Kxc4 Rc6+ 56. Kb4 Rb6+ 57. Kc3 Kd5 58. b3 Re6 59. Kb4 Kc6 60. Kc4 Re2 61. a4 Rc2+ 62. Kb4 1/2-1/2

[Event "FIN Team Ch 9697"]
[Site "Finland"]
[Date "1997.??.??"]
[Round "6.3"]
[White "Luukkonen, Tommi"]
[Black "Lauk, Ular"]
[Result "0-1"]
[WhiteElo "2200"]
[BlackElo "2315"]
[PlyCount "80"]
[EventDate "1996.??.??"]
[Source "www.chesslib.no"]
[SourceDate "2004.05.04"]

1. e4 e5 2. Nf3 Nf6 3. Nxe5 d6 4. Nxf7 Kxf7 5. d4 g6 6. Bd3 Bg7 7. O-O Re8 8. e5 dxe5 9. dxe5 Nd5 10. f4 Kg8 11. Qe1 Nc6 12. Nc3 Nxc3 13. bxc3 Bf5 14. Qe2 Qd7 15. Rb1 Bxd3 16. cxd3 Nxe5 17. fxe5 Rxe5 18. Qd1 b6 19. Qb3+ Kh8 20. Qc4 Rc5 21. Rf7 Qe8 22. Qf4 Qe1+ 23. Qf1 Qxf1+ 24. Kxf1 Kg8 25. Re7 Rf8+ 26. Ke2 Bf6 27. Re6 Kf7 28. Re4 Rxc3 29. Kd2 Rc6 30. Rb5 Re8 31. g4 Rxe4 32. dxe4 Ke6 33. Ba3 Bc3+ 34. Kd3 Be5 35. Bb2 Bxh2 36. Bd4 Rc1 37. Rd5 Bd6 38. Kd2 Rc4 39. Kd3 Ra4 40. Rb5 Rxa2 0-1

[Event "Corr"]
[Site "?"]
[Date "2002.??.??"]
[Round "?"]
[White "Clifford Stephan"]
[Black "Dearlove Andrew E"]
[Result "0-1"]
[WhiteElo "2200"]
[BlackElo "2315"]
[PlyCount "48"]
[EventDate "2002.??.??"]
[Source "www.chesslib.no"]
[SourceDate "2004.05.04"]

1. e4 e5 2. Nf3 Nf6 3. Nxe5 d6 4. Nxf7 Kxf7 5. d4 c5 6. dxc5 Nc6 7. Bc4+ Be6 8. Bxe6+ Kxe6 9. cxd6 Bxd6 10. O-O Qc7 11. f4 Rhd8 12. Qe1 Nb4 13. Na3 Nxc2 14. Nxc2 Qxc2 15. e5 Bc5+ 16. Be3 Rd2 17. f5+ Kf7 18. Qxd2 Qxd2 19. Bxc5 Ne4 20. Rad1 Qg5 21. Rd7+ Ke8 22. Re7+ Kf8 23. h4 Qxh4 24. Ba3 Kg8 0-1